Mengenal tuhan
| Main Author: | |
|---|---|
| Format: | Book |
| Published: |
Singapura :
Pustaka Nasional ,
1988
|
| Subjects: |
MARC
| LEADER | 00000cam a2200000 7i4500 | ||
|---|---|---|---|
| 001 | 0000004862 | ||
| 002 | 000005243 | ||
| 005 | 20000330.0 | ||
| 020 | |a 9971770687 | ||
| 090 | 0 | 0 | |a 297.221 |b BEY |
| 100 | 0 | |a Bey Arifin | |
| 245 | 1 | 0 | |a Mengenal tuhan |c Bey Arifin |
| 255 | |a 1 | ||
| 260 | |a Singapura : |b Pustaka Nasional , |c 1988 | ||
| 300 | |a 187p. ; |c 22cm. | ||
| 650 | 0 | 0 | |a God (Islam) |
| 999 | |a 034773 |b BUKU |c PINJAMAN |e PERPUSTAKAAN KOMUNITI PETALING JAYA | ||
| 999 | |a 034774 |b BUKU |c PINJAMAN |e PERPUSTAKAAN KOMUNITI PETALING JAYA | ||